Переписка по ходатайству товарищества мануфактуры Барановых об отдаче в аренду торфяного болота "Остеевское" Переяславльского уе...

Доступно только в Электронных читальных залах Найти на картеНа карте
RUSMARC
00003854nmc2a22002413x 450
001fc024777-58dd-4a1a-bd29-fd9a217b0bd5
00520210512045246.0
100##$a20210128l19071912k l0rusy0189 ca
1010#$arus
102##$aRU
105##$ae###
1222#$ad
2001#$aПереписка по ходатайству товарищества мануфактуры Барановых об отдаче в аренду торфяного болота "Остеевское" Переяславльского уезда Владимирской губернии, [с приложением планов залежи]
$j2 ноября 1907 г. - 1912 г.
215##$a52 л.
$cплан.
$d36,5х26 см
251##$cДело
300##$aДело
371##$aДокумент не является опубликованным и широко распространяемым
461#0$1001a9dcd51c-c252-454c-aea9-eaf7a800c266
$12001
$aПереписка по ходатайству крестьян деревни Петропавловской Богородской волости Верейского уезда Московской губернии об осушении их земель
$1251
$cДело
$1852
$j501
462#0$10013a02340e-e572-4ee5-9169-9b29c64f7ce0
$12001
$aОтдел земельных улучшений Министерства земледелия
$1251
$cОпись
$1852
$j2
801#0$aRU
$bРГИА
$c20210128
$gRCR
801#1$aRU
$bГлавНИВЦ
$c20210128
$2rusmarc
801#2$aRU
$bПБ им. Б.Н. Ельцина
$c20210512
$gRCR
$2rusmarc
850##$aРГИА
852##$aРГИА
$eФедеральное казенное учреждение "Российский государственный исторический архив" (РГИА)
$j455
937##$hРГИА
$d12358596
$aASBIBLIO_SCAN
035##$aRusGRCC00020542
856##$uhttp://readingroom.main.prlib.ru/item.aspx?id_node=n164230703&mode=full
Формат отображения